Učitavanje...
Company law and secretarial practice
| Glavni autor: | |
|---|---|
| Format: | Printed Book |
| Jezik: | Undetermined |
| Izdano: |
New Delhi
Sultan Chand
1996
|
| Izdanje: | 7th rev ed. |
| LEADER | 00568nam a2200157Ia 4500 | ||
|---|---|---|---|
| 008 | 161229s9999 xx 000 0 und d | ||
| 020 | |a 8170141699 | ||
| 082 | |a 346.07 KAP/CO | ||
| 100 | |a Kapoor,N D | ||
| 245 | |a Company law and secretarial practice | ||
| 250 | |a 7th rev ed. | ||
| 260 | |b Sultan Chand | Sons |a New Delhi |c 1996 | ||
| 300 | |a xx, 480 | ||
| 942 | |c BK | ||
| 999 | |c 152228 |d 152228 | ||
| 952 | |0 0 |1 0 |4 0 |6 346_070000000000000_KAPCO |7 0 |9 151289 |a KAUCLV |b KAUCLV |d 2016-12-29 |g 80.00 |o 346.07 KAP/CO |p 903537 |r 2016-12-29 |w 2016-12-29 |y BK |z Book transferred from CCBM Library ,Acc.No:7192 | ||